|
|
|
|
| LEADER |
01299nam a2200265 a 4500 |
| 001 |
556683 |
| 008 |
091118s1994 vtua b 001 0 eng d |
| 020 |
|
|
|a 093924666X
|
| 040 |
|
|
|a ANL
|c ANL
|
| 082 |
0 |
4 |
|a 658.15
|2 20
|
| 100 |
1 |
|
|a McNair, Carol Jean.
|
| 245 |
1 |
0 |
|a The profit potential :
|b taking high performance to the bottom line /
|c C.J. McNair.
|
| 250 |
|
|
|a 3rd ed.
|
| 260 |
|
|
|a Essex Junction, Vt. :
|b OMNEO,
|c c1994.
|
| 300 |
|
|
|a xix, 246 p. :
|b ill. ;
|c 24 cm.
|
| 504 |
|
|
|a Includes bibliographical references (p. 237-238) and index.
|
| 541 |
1 |
|
|e 00007978
|
| 650 |
|
0 |
|a Profit.
|
| 650 |
|
0 |
|a Managerial accounting.
|
| 650 |
|
0 |
|a Marketing.
|
| 852 |
4 |
|
|a Ayesha Abed Library
|j General shelf
|
| 999 |
|
|
|c 5597
|d 5597
|
| 952 |
|
|
|0 0
|1 0
|2 ddc
|4 0
|6 658_150000000000000_MAC
|7 0
|9 5494
|a BRACUL
|b BRACUL
|c GEN
|d 2009-11-18
|g 0.00
|l 1
|o 658.15 MAC
|p 3010007978
|r 2013-02-20
|s 2013-02-14
|t 1
|w 2009-11-18
|y BK
|x No price found in the accession register.
|
| 952 |
|
|
|0 0
|1 0
|2 ddc
|4 0
|6 658_150000000000000_MAC
|7 0
|9 5495
|a BRACUL
|b BRACUL
|c GEN
|d 2009-11-18
|g 0.00
|l 0
|o 658.15 MAC
|p 3010007979
|r 2009-11-18
|t 2
|w 2009-11-18
|y BK
|x No price found in the accession register.
|
| 952 |
|
|
|0 0
|1 0
|2 ddc
|4 0
|6 658_150000000000000_MAC
|7 0
|9 54112
|a SCL
|b SCL
|c GEN
|d 2015-06-08
|e Gift: The Asia Foundation
|l 0
|o 658.15 MAC
|p 3020002946
|r 2015-06-08
|t 3
|w 2015-06-08
|y BK
|